| 000 | 00468nam a22001697a 4500 | ||
|---|---|---|---|
| 005 | 20160503125035.0 | ||
| 008 | 160503b xxu||||| |||| 00| 0 eng d | ||
| 020 | _a81-203-1245-7 | ||
| 041 | _aeng | ||
| 082 | _b1219 | ||
| 100 |
_aReeder Robert R. Edwarder Brierty Reeder H. Betty _9419 |
||
| 245 | _aIndusrial Marketing Analysis Planning & Contral | ||
| 260 |
_aNew Delhi _bPrentice hall of India, _c1991 |
||
| 300 | _a669 | ||
| 650 |
_aManagement _9241 |
||
| 942 | _cBK | ||
| 999 |
_c497 _d497 |
||